000 00291nam a22001337a 4500
008 181012b xxu||||| |||| 00| 0 eng d
020 _a0894439421
041 _aeng
080 _a610
100 _a4
101 _aSHM
245 _aHospital Quality Assurance
_cPena, J.J
942 _2udc
_cBK
999 _c49506
_d49506